[Event "New York Fall IM-D"]
[Site "Long Island City"]
[Date "2022.11.12"]
[Round "7"]
[White "Goldenberg, Ryan D"]
[Black "Zaloznyy, Mike"]
[Result "0-1"]
[WhiteElo "2268"]
[BlackElo "2226"]
[PlyCount "84"]
[EventDate "2022.11.09"]
[EventType "tourn"]
[EventRounds "9"]
[EventCountry "USA"]
[SourceTitle "CBM 211 Extra"]
[Source "ChessBase"]
[SourceDate "2023.01.31"]
[SourceVersion "1"]
[SourceVersionDate "2023.01.31"]
[SourceQuality "1"]

1. e4 c6 2. d4 d5 3. e5 c5 4. dxc5 e6 5. a3 Bxc5 6. Qg4 Ne7 7. Bd3 Nbc6 8. Nf3 Qc7 9. Qg3 Ng6 10. Bxg6 hxg6 11. Nc3 Nd4 12. 0-0 Nxf3+ 13. gxf3 Bd7 14. Bg5 Bd4 15. f4 Bxc3 16. bxc3 Rc8 17. Rfb1 Ba4 18. f5 Bxc2 19. f6 gxf6 20. Bxf6 Rh5 21. Rb4 a5 22. Rb2 Be4 23. Qe3 Rxe5 24. Bxe5 Qxe5 25. Rxb7 Rxc3 26. f4 Qf6 27. Rb8+ Kd7 28. Qb6 Rc7 29. Qb5+ Rc6 30. Qb7+ Kd6 31. Rd1 Qh4 32. Qb3 Qg4+ 33. Kf1 Qg2+ 34. Ke1 Qg1+ 35. Ke2 Qxh2+ 36. Kf1 Qxf4+ 37. Ke1 Qh4+ 38. Kf1 Qh1+ 39. Ke2 Rc2+ 40. Qxc2 Qf3+ 41. Kd2 Qf2+ 42. Kc3 Qxc2+ 0-1

[Event "Foxwoods op"]
[Site "Mashantucket"]
[Date "2014.01.24"]
[Round "5"]
[White "Goldenberg, Ryan D"]
[Black "Mandizha, Farai"]
[Result "1/2-1/2"]
[WhiteElo "2303"]
[BlackElo "2379"]
[PlyCount "109"]
[EventDate "2014.01.03"]
[EventType "swiss"]
[EventRounds "9"]
[EventCountry "USA"]
[SourceTitle "CBM 158 Extra"]
[Source "ChessBase"]
[SourceDate "2014.02.28"]
[SourceVersion "1"]
[SourceVersionDate "2014.02.28"]
[SourceQuality "1"]

1. e4 c5 2. Nf3 a6 3. c3 d5 4. exd5 Qxd5 5. d4 Nf6 6. Be3 cxd4 7. cxd4 e6 8. Nc3 Qd6 9. Bd3 Be7 10. 0-0 0-0 11. Rc1 Rd8 12. Qc2 h6 13. Rfd1 Nc6 14. a3 Bd7 15. Qd2 Bf8 16. Bf4 Qe7 17. Bb1 Be8 18. Qd3 Rac8 19. Re1 Qd7 20. Rcd1 Bd6 21. Bxd6 Qxd6 22. Ne4 Nxe4 23. Qxe4 g6 24. Ba2 Qf8 25. h4 Rd6 26. d5 Rcd8 27. h5 g5 28. Bb3 exd5 29. Bxd5 Kg7 30. g4 Rf6 31. Nd4 Nxd4 32. Qxd4 Bc6 33. Re5 Rxd5 34. Rxd5 Bxd5 35. Qxd5 Qc8 36. Qd4 Qc6 37. Re1 Qb6 38. Qxb6 Rxb6 39. b4 Kf6 40. Re3 Re6 41. Rd3 Ke5 42. Rd7 Rf6 43. Kg2 b5 44. f3 Ke6 45. Rd3 Rf4 46. Rd8 Ke5 47. Kg3 Rd4 48. Re8+ Kf6 49. Rh8 Kg7 50. Ra8 Rd6 51. Kf2 Rc6 52. Ke2 Kf6 53. Ra7 Ke6 54. Kd3 f5 55. Kd4 1/2-1/2

[Event "North American op 23rd"]
[Site "Las Vegas"]
[Date "2013.12.30"]
[Round "9"]
[White "Sevillano, Enrico"]
[Black "Goldenberg, Ryan D"]
[Result "1-0"]
[WhiteElo "2485"]
[BlackElo "2303"]
[PlyCount "83"]
[EventDate "2013.12.26"]
[EventType "swiss"]
[EventRounds "9"]
[EventCountry "USA"]
[SourceTitle "CBM 158 Extra"]
[Source "ChessBase"]
[SourceDate "2014.02.28"]
[SourceVersion "1"]
[SourceVersionDate "2014.02.28"]
[SourceQuality "1"]

1. e4 e6 2. d4 d5 3. Nc3 Bb4 4. e5 Ne7 5. a3 Bxc3+ 6. bxc3 c5 7. Nf3 b6 8. Bb5+ Bd7 9. Bd3 Ba4 10. 0-0 Nbc6 11. Re1 h6 12. Be3 c4 13. Bf1 Kd7 14. g3 Qg8 15. h4 Qh7 16. Ra2 g5 17. h5 Kc7 18. Nh2 Rhf8 19. Ng4 Qg7 20. Bh3 Kb7 21. Kh2 Ng8 22. Bc1 Rae8 23. f4 f5 24. exf6 Nxf6 25. Nxf6 Rxf6 26. Qg4 Qf7 27. fxg5 hxg5 28. Bxg5 Rg8 29. Qh4 Rf2+ 30. Kg1 Qf3 31. Re3 Qf7 32. Ra1 Rxc2 33. Rf1 Qg7 34. Bf4 e5 35. h6 Qh7 36. Bxe5 Nxe5 37. dxe5 Rg6 38. Bf5 d4 39. cxd4 Qg8 40. h7 Bc6 41. Bxc2 Qd5 42. Be4 1-0

[Event "USA tt"]
[Site "ICC INT"]
[Date "2013.10.23"]
[Round "9"]
[White "Goldenberg, Ryan D"]
[Black "Shahade, Michael"]
[Result "1-0"]
[WhiteElo "2271"]
[BlackElo "2239"]
[PlyCount "77"]
[EventDate "2013.08.27"]
[EventType "team-tourn"]
[EventRounds "10"]
[EventCountry "USA"]
[SourceTitle "EXT 2014"]
[Source "ChessBase"]
[SourceDate "2013.11.20"]
[SourceVersion "1"]
[SourceVersionDate "2013.11.20"]
[SourceQuality "1"]
[WhiteTeam "Manhattan"]
[BlackTeam "Philadelphia"]
[WhiteTeamCountry "USA"]
[BlackTeamCountry "USA"]

1. e4 c5 2. Nf3 g6 3. d4 cxd4 4. Nxd4 Nc6 5. Nc3 Bg7 6. Be3 Nf6 7. Bc4 0-0 8. Bb3 d6 9. f3 Bd7 10. Qd2 Nxd4 11. Bxd4 b5 12. 0-0 a5 13. a3 b4 14. axb4 axb4 15. Nd5 Nxd5 16. Bxd5 Rxa1 17. Rxa1 Qc7 18. Ra7 Bxd4+ 19. Qxd4 Qxc2 20. Rxd7 Rc8 21. h4 Qc1+ 22. Kh2 Qf4+ 23. Kh3 g5 24. hxg5 Qxg5 25. e5 e6 26. Bb3 Qh5+ 27. Qh4 Qxe5 28. Qg3+ Qxg3+ 29. Kxg3 d5 30. Rb7 d4 31. Rxb4 Rd8 32. Kf4 Kg7 33. Ke4 d3 34. Rd4 f5+ 35. Kxd3 Rb8 36. Kc3 Kf6 37. Rd6 Ke5 38. Rxe6+ Kf4 39. Re7 1-0

[Event "Pan American Intercollegiate-chT"]
[Site "South Padre Island"]
[Date "2009.12.29"]
[Round "5"]
[White "Zivanic, Marko"]
[Black "Goldenberg, Ryan D"]
[Result "1-0"]
[WhiteElo "2472"]
[BlackElo "2177"]
[PlyCount "67"]
[EventDate "2009.12.27"]
[EventType "team-swiss"]
[EventRounds "6"]
[EventCountry "USA"]
[SourceTitle "CBM 134 Extra"]
[Source "ChessBase"]
[SourceDate "2010.03.03"]
[SourceVersion "1"]
[SourceVersionDate "2010.03.03"]
[SourceQuality "1"]

1. d4 Nf6 2. c4 e6 3. Nf3 c5 4. d5 b5 5. Bg5 exd5 6. cxd5 d6 7. e4 a6 8. a4 Be7 9. Bxf6 Bxf6 10. Qc2 bxa4 11. Rxa4 Nd7 12. Nbd2 0-0 13. Bd3 Ne5 14. Nxe5 Bxe5 15. 0-0 Bd7 16. Ra3 Bb5 17. f4 Bd4+ 18. Kh1 Rb8 19. Bxb5 axb5 20. Ra6 Ra8 21. Rxa8 Qxa8 22. Nf3 Be3 23. g3 f5 24. Re1 fxe4 25. Ng5 h6 26. Ne6 Qxd5 27. Nxf8 Bd2 28. Qxe4 Qxe4+ 29. Rxe4 Kxf8 30. Re6 d5 31. Re5 Kf7 32. Rxd5 Be3 33. f5 Bd4 34. b4 1-0

[Event "Pan American-ch"]
[Site "Washington DC"]
[Date "2006.12.28"]
[Round "2"]
[White "Sadoff, Johny"]
[Black "Goldenberg, Ryan D"]
[Result "0-1"]
[WhiteElo "1796"]
[BlackElo "2155"]
[PlyCount "43"]
[EventDate "2006.12.27"]
[EventType "swiss"]
[EventRounds "6"]
[EventCountry "USA"]
[SourceTitle "CBM 116 Extra"]
[Source "ChessBase"]
[SourceDate "2007.03.07"]
[SourceVersion "1"]
[SourceVersionDate "2007.03.07"]
[SourceQuality "1"]

1. e4 e6 2. d4 d5 3. e5 c5 4. c3 Nc6 5. Nf3 Qb6 6. Bd3 cxd4 7. cxd4 Bd7 8. Bc2 Nb4 9. Ba4 Qa6 10. Bc2 Nxc2+ 11. Qxc2 Ba4 12. Qd2 Rc8 13. Nc3 Bb4 14. Qe3 Ne7 15. Bd2 Bc2 16. Ne2 Nf5 17. Qf4 Bxd2+ 18. Qxd2 0-0 19. Nc3 Be4 20. Rc1 Bxf3 21. gxf3 Rc4 22. Ne2 0-1